Statistics for Lion Trivia

Click here to take the quiz!

General Stats

  • This quiz has been taken 14,851 times
    (7,423 since last reset)
  • The average score is 15 of 20

Answer Stats

QuestionAnswer% Correct
Disney movie about a young lionThe Lion King
97%
Word for a baby lionCub
94%
Sign of the zodiac which is Latin for lionLeo
92%
Main character from that movieSimba
92%
Term for the hair surrounding the face of an adult male lionMane
91%
Word for a group of lionsa Pride
90%
Word for a female lionLioness
90%
Where "the lion sleeps tonight", according to the songThe Mighty Jungle
89%
Hybrid creature which is half lion / half tiger?Liger / Tigon
86%
King of England known as "Lionheart"Richard I
84%
Only country outside of Africa that has wild lionsIndia
83%
Egyptian creature with the head of a man and the body of a lionSphinx
75%
Most common names for pubs in the U.K.{Red} Lion
72%
Square in London that is "guarded" by four lions{Trafalgar} Square
71%
Lion who was the friend of Dorothy, the Tin Man, and ScarecrowThe Cowardly Lion
65%
Author of "The Lion, the Witch, and the Wardrobe"C.S. Lewis
62%
Biblical character who spent a night in the lion's denDaniel
59%
Ancient hero who slayed the Nemean LionHercules
59%
Nickname of England's football teamThe {Three} Lions
45%
City symbolized by a "Merlion"Singapore
36%

Score Distribution

Percentile by Number Answered

Percent of People with Each Score

Your Score History

You have not taken this quiz since the last reset